[Event "Bucaramanga Santander-ch"]
[Site "Bucaramanga"]
[Date "2024.03.08"]
[Round "1"]
[White "Centeno Oviedo, Leonhard Andrey"]
[Black "Nino Lopez, Michael Fabian"]
[Result "0-1"]
[WhiteElo "1600"]
[BlackElo "1842"]
[PlyCount "84"]
[EventDate "2024.03.08"]
[EventType "swiss"]
[EventRounds "7"]
[EventCountry "COL"]
[SourceTitle "CB13_2024"]
[SourceDate "2024.03.27"]
[SourceVersion "1"]
[SourceVersionDate "2024.03.27"]
[SourceQuality "1"]

1. d4 d5 2. Nf3 Nf6 3. e3 e6 4. Bd3 c5 5. c3 Nc6 6. Nbd2 Bd6 7. Qe2 e5 8. dxe5 Nxe5 9. Nxe5 Bxe5 10. h3 0-0 11. Nf3 Bc7 12. 0-0 b6 13. Re1 Bb7 14. Ba6 Bc6 15. Bb5 Qd7 16. Bxc6 Qxc6 17. Nh2 Rfe8 18. Qf3 Qe6 19. Bd2 Nd7 20. b4 Ne5 21. Qe2 Rad8 22. Nf3 Nc4 23. Rad1 Qf6 24. bxc5 bxc5 25. Rb1 Qe6 26. Qd3 Qe4 27. Qe2 h6 28. Rbd1 a5 29. Nh2 Qc2 30. Nf3 Qxa2 31. Ra1 Qc2 32. Rec1 Qg6 33. Rcb1 Rb8 34. Rxb8 Rxb8 35. g4 Rb1+ 36. Rxb1 Qxb1+ 37. Kg2 a4 38. Qe1 Qxe1 39. Nxe1 Nxd2 40. Nc2 Nc4 41. Kf1 a3 42. Ke1 Be5 0-1

[Event "Bucaramanga op"]
[Site "Bucaramanga"]
[Date "2023.09.09"]
[Round "7"]
[White "Herrera Idarraga, Karen Alejandra"]
[Black "Nino Lopez, Michael Fabian"]
[Result "0-1"]
[WhiteElo "1214"]
[BlackElo "1738"]
[PlyCount "80"]
[EventDate "2023.09.06"]
[EventType "swiss"]
[EventRounds "9"]
[EventCountry "COL"]
[SourceTitle "EXT 2024"]
[Source "ChessBase"]
[SourceDate "2023.10.10"]
[SourceVersion "1"]
[SourceVersionDate "2023.10.10"]
[SourceQuality "1"]

1. e4 c5 2. c3 d5 3. exd5 Qxd5 4. d4 Nc6 5. Nf3 Bf5 6. c4 Qe4+ 7. Be3 cxd4 8. Nxd4 e5 9. Nxf5 Qxf5 10. Bd3 Qd7 11. Qe2 0-0-0 12. Bc2 Nd4 13. Bxd4 exd4 14. Qd3 Bb4+ 15. Kf1 g6 16. a3 Ba5 17. b4 Bc7 18. c5 f5 19. b5 Nf6 20. c6 bxc6 21. bxc6 Qxc6 22. Nd2 Bb6 23. Rc1 Kb8 24. Nc4 Ne4 25. Nxb6 axb6 26. Rb1 Kb7 27. h4 Rhe8 28. Rb4 Nc5 29. Qc4 d3 30. Bd1 d2 31. Kg1 Qd6 32. g3 Re4 33. Qa2 Rxb4 34. axb4 Ne4 35. b5 Qd4 36. Rh2 Qc5 37. Qa6+ Kb8 38. Qa1 Re8 39. Qa4 Nc3 40. Qf4+ Qe5 0-1

[Event "Bucaramanga Santander-ch"]
[Site "Bucaramanga"]
[Date "2023.04.01"]
[Round "5"]
[White "Cote Chacon, Omar David"]
[Black "Nino Lopez, Michael Fabian"]
[Result "0-1"]
[WhiteElo "1600"]
[BlackElo "1795"]
[PlyCount "40"]
[EventDate "2023.03.31"]
[EventType "swiss"]
[EventRounds "7"]
[EventCountry "COL"]
[SourceTitle "CBM 213 Extra"]
[Source "ChessBase"]
[SourceDate "2023.05.31"]
[SourceVersion "1"]
[SourceVersionDate "2023.05.31"]
[SourceQuality "1"]

1. d4 d5 2. c4 e6 3. Nf3 Nf6 4. Bg5 Be7 5. e3 0-0 6. Nbd2 Nbd7 7. Bd3 b6 8. Qc2 h6 9. h4 Bb7 10. Ne5 Nxe5 11. dxe5 Nd7 12. Nf3 dxc4 13. Bxc4 Bxf3 14. Bxe7 Qxe7 15. gxf3 Nxe5 16. 0-0-0 Rad8 17. Rdg1 Nxc4 18. Rxg7+ Kxg7 19. Rg1+ Kh8 20. Qc3+ f6 0-1

[Event "Bucaramanga Santander-ch"]
[Site "Bucaramanga"]
[Date "2023.03.31"]
[Round "1"]
[White "Nino Lopez, Michael Fabian"]
[Black "Nino Villareal, Jairo Esteban"]
[Result "1-0"]
[WhiteElo "1795"]
[BlackElo "1600"]
[PlyCount "51"]
[EventDate "2023.03.31"]
[EventType "swiss"]
[EventRounds "7"]
[EventCountry "COL"]
[SourceTitle "CBM 213 Extra"]
[Source "ChessBase"]
[SourceDate "2023.05.31"]
[SourceVersion "1"]
[SourceVersionDate "2023.05.31"]
[SourceQuality "1"]

1. e4 c5 2. c3 Nf6 3. e5 Nd5 4. d4 cxd4 5. cxd4 d6 6. exd6 Qxd6 7. Nc3 e6 8. Nf3 Be7 9. Bd3 0-0 10. 0-0 Nc6 11. a3 a6 12. Bc2 Nf6 13. Qd3 h6 14. Be3 b5 15. Qd2 b4 16. Ne4 Nxe4 17. Bxe4 e5 18. Nxe5 Bd7 19. Nxd7 Qxd7 20. d5 Rad8 21. Qe2 Nb8 22. Rfc1 Rfe8 23. Qf3 bxa3 24. bxa3 f5 25. Bxf5 Qxd5 26. Qxd5+ 1-0

[Event "COL-chT Blitz"]
[Site "Santander"]
[Date "2022.10.09"]
[Round "9.3"]
[White "Mateus Urbano, Luis Alejandro"]
[Black "Nino Lopez, Michael Fabian"]
[Result "1-0"]
[WhiteElo "2211"]
[BlackElo "1850"]
[PlyCount "31"]
[EventDate "2022.09.10"]
[EventType "team-swiss (blitz)"]
[EventRounds "9"]
[EventCountry "COL"]
[SourceTitle "EXT 2023"]
[Source "ChessBase"]
[SourceDate "2022.10.05"]
[SourceVersion "1"]
[SourceVersionDate "2022.10.05"]
[SourceQuality "1"]
[WhiteTeam "Valle"]
[BlackTeam "Santander Gladiatores"]
[WhiteTeamCountry "COL"]
[BlackTeamCountry "COL"]

1. e4 e5 2. Nf3 Nc6 3. Bb5 d6 4. 0-0 Nf6 5. Nc3 Be7 6. d4 exd4 7. Nxd4 Bd7 8. Bxc6 bxc6 9. Qf3 c5 10. Nf5 Bxf5 11. Qxf5 Qd7 12. Qf3 0-0 13. b3 Rab8 14. Bb2 c4 15. Qg3 Qc6 16. Nd5 1-0

[Event "COL-ch U26"]
[Site "Medellin"]
[Date "2018.10.20"]
[Round "5"]
[White "Valencia, Jefferson"]
[Black "Nino Lopez, Michael Fabian"]
[Result "1-0"]
[WhiteElo "2035"]
[BlackElo "1777"]
[PlyCount "43"]
[EventDate "2018.10.18"]
[EventType "swiss"]
[EventRounds "6"]
[EventCountry "COL"]
[SourceTitle "CBM 187 Extra"]
[Source "ChessBase"]
[SourceDate "2018.11.04"]
[SourceVersion "1"]
[SourceVersionDate "2018.11.04"]
[SourceQuality "1"]

1. e4 e5 2. Nf3 Nf6 3. Nxe5 d6 4. Nf3 Nxe4 5. Nc3 Nf6 6. d4 d5 7. Be2 Be7 8. 0-0 0-0 9. Bg5 h6 10. Bh4 Bf5 11. Re1 c6 12. Bd3 Bg4 13. h3 Be6 14. Ne5 c5 15. dxc5 Bxc5 16. Qf3 g5 17. Bg3 Nc6 18. Ne2 Nxe5 19. Bxe5 Nd7 20. Bc3 f5 21. Qh5 Kh7 22. Nf4 1-0

[Event "Bogota Mayores Alcaldia op 8th"]
[Site "Bogota"]
[Date "2018.06.10"]
[Round "5"]
[White "Nino Lopez, Michael Fabian"]
[Black "Acosta, Jaime"]
[Result "1-0"]
[WhiteElo "1807"]
[BlackElo "1612"]
[PlyCount "123"]
[EventDate "2018.06.08"]
[EventType "swiss"]
[EventRounds "7"]
[EventCountry "COL"]
[SourceTitle "CBM 184 Extra"]
[Source "ChessBase"]
[SourceDate "2018.06.28"]
[SourceVersion "1"]
[SourceVersionDate "2018.06.28"]
[SourceQuality "1"]

1. e4 e5 2. Nf3 Nf6 3. Nc3 Nc6 4. Bb5 d6 5. d4 exd4 6. Nxd4 Bd7 7. Nxc6 bxc6 8. Bd3 Be7 9. 0-0 0-0 10. f4 d5 11. h3 dxe4 12. Nxe4 Nxe4 13. Bxe4 Bc5+ 14. Kh1 Re8 15. Bxh7+ Kxh7 16. Qh5+ Kg8 17. Qxc5 Qh4 18. Qc3 Re2 19. Qd3 Re1 20. Rxe1 Qxe1+ 21. Kh2 Be6 22. b3 Bd5 23. Bb2 Qf2 24. Qg3 Qxg3+ 25. Kxg3 f5 26. Rd1 Kf7 27. c4 Be6 28. Be5 Rc8 29. Kf3 g6 30. g4 Ke8 31. Kg3 a6 32. Kh4 Kf7 33. Kg5 c5 34. Bf6 a5 35. Rd8 a4 36. Rxc8 Bxc8 37. Bd8 fxg4 38. hxg4 axb3 39. axb3 c6 40. Bb6 Bd7 41. Bxc5 Bc8 42. Bd4 Ba6 43. f5 gxf5 44. Kxf5 Bc8+ 45. Kf4 Kg6 46. Be3 Be6 47. g5 Bf5 48. Ke5 Bc2 49. b4 Ba4 50. Kd6 Kf5 51. Kc5 Ke6 52. b5 cxb5 53. cxb5 Kd7 54. Kb6 Kc8 55. Ka6 Kb8 56. b6 Bc6 57. g6 Bb7+ 58. Kb5 Bd5 59. g7 Kb7 60. Kc5 Bg8 61. Kd6 Kc8 62. Kc6 1-0

[Event "Bogota Mayores Alcaldia op 8th"]
[Site "Bogota"]
[Date "2018.06.09"]
[Round "2"]
[White "Becerra, Juan David"]
[Black "Nino Lopez, Michael Fabian"]
[Result "1-0"]
[WhiteElo "2290"]
[BlackElo "1807"]
[PlyCount "63"]
[EventDate "2018.06.08"]
[EventType "swiss"]
[EventRounds "7"]
[EventCountry "COL"]
[SourceTitle "CBM 184 Extra"]
[Source "ChessBase"]
[SourceDate "2018.06.28"]
[SourceVersion "1"]
[SourceVersionDate "2018.06.28"]
[SourceQuality "1"]

1. e4 e5 2. Nf3 Nf6 3. Nxe5 d6 4. Nxf7 Kxf7 5. d4 c6 6. Nc3 Be6 7. f3 Be7 8. Bd3 Qb6 9. Ne2 Rf8 10. c3 Kg8 11. Qc2 Nbd7 12. Be3 Rac8 13. 0-0 Kh8 14. Qd2 c5 15. b3 Bf7 16. g4 Bg6 17. Rf2 d5 18. e5 Ne8 19. Raf1 Bxd3 20. Qxd3 c4 21. bxc4 dxc4 22. Qd2 Rd8 23. f4 Qg6 24. Rg2 Qe4 25. Ng3 Qd5 26. f5 b5 27. Qe2 b4 28. g5 bxc3 29. Qh5 Nxe5 30. dxe5 Qxe5 31. Bf4 Bc5+ 32. Kh1 1-0

[Event "Bogota Mayores Alcaldia op 8th"]
[Site "Bogota"]
[Date "2018.06.09"]
[Round "3"]
[White "Nino Lopez, Michael Fabian"]
[Black "Sandoval, Cesar Leonardo"]
[Result "1/2-1/2"]
[WhiteElo "1807"]
[BlackElo "1594"]
[PlyCount "45"]
[EventDate "2018.06.08"]
[EventType "swiss"]
[EventRounds "7"]
[EventCountry "COL"]
[SourceTitle "CBM 184 Extra"]
[Source "ChessBase"]
[SourceDate "2018.06.28"]
[SourceVersion "1"]
[SourceVersionDate "2018.06.28"]
[SourceQuality "1"]

1. e4 e6 2. d4 d5 3. e5 c5 4. c3 Nc6 5. Nf3 Qb6 6. a3 Nh6 7. b4 cxd4 8. cxd4 Nf5 9. Bb2 Be7 10. Bd3 0-0 11. 0-0 Bd7 12. g4 Nh4 13. Nxh4 Bxh4 14. Bc2 f6 15. Qd3 g6 16. Nd2 fxe5 17. dxe5 Bxf2+ 18. Kg2 Qe3 19. Nf3 Rxf3 20. Qxe3 Rxe3 21. Kxf2 Rh3 22. Kg2 Re3 23. Kf2 1/2-1/2

[Event "Santander Departamental-ch"]
[Site "Santander"]
[Date "2013.11.30"]
[Round "6"]
[White "Camargo Zuniga, Nicolas"]
[Black "Nino Lopez, Michael Fabian"]
[Result "0-1"]
[WhiteElo "1882"]
[BlackElo "1713"]
[PlyCount "80"]
[EventDate "2013.11.28"]
[EventType "swiss"]
[EventRounds "8"]
[EventCountry "COL"]
[SourceTitle "CBM 157 Extra"]
[Source "ChessBase"]
[SourceDate "2013.12.19"]
[SourceVersion "1"]
[SourceVersionDate "2013.12.19"]
[SourceQuality "1"]

1. d4 d5 2. c4 e6 3. Nf3 Nf6 4. Nc3 Nc6 5. e3 Bb4 6. a3 Bxc3+ 7. bxc3 Ne4 8. Bb2 f6 9. Be2 0-0 10. Nd2 Nxd2 11. Qxd2 Na5 12. cxd5 Nb3 13. Qc2 Nxa1 14. Bxa1 exd5 15. c4 Be6 16. cxd5 Bxd5 17. e4 Bf7 18. d5 a6 19. h4 c6 20. dxc6 bxc6 21. h5 g6 22. hxg6 hxg6 23. Qc3 Rb8 24. 0-0 Rb3 25. Qxc6 Rb6 26. Qc2 Qe7 27. Qd3 Rfb8 28. Qf3 Re8 29. Bd3 Qd8 30. Rd1 Rd6 31. Bc3 Kg7 32. g4 g5 33. Kg2 Bg6 34. e5 Bxd3 35. exf6+ Kf7 36. Qb7+ Qd7 37. Qb3+ Kg6 38. Kg3 Qe6 39. Qb7 Rd7 40. Qh1 Qd6+ 0-1

[Event "Santander Departamental-ch"]
[Site "Santander"]
[Date "2013.11.29"]
[Round "2"]
[White "Nino Lopez, Michael Fabian"]
[Black "Nunez, Jose Luis"]
[Result "1-0"]
[WhiteElo "1713"]
[BlackElo "1537"]
[PlyCount "37"]
[EventDate "2013.11.28"]
[EventType "swiss"]
[EventRounds "8"]
[EventCountry "COL"]
[SourceTitle "CBM 157 Extra"]
[Source "ChessBase"]
[SourceDate "2013.12.19"]
[SourceVersion "1"]
[SourceVersionDate "2013.12.19"]
[SourceQuality "1"]

1. e4 e5 2. Nf3 Nc6 3. Bb5 d6 4. h3 Nf6 5. 0-0 a6 6. Ba4 Nxe4 7. Re1 f5 8. d4 Be6 9. d5 Qf6 10. dxe6 Qxe6 11. Bb3 Qg6 12. Nc3 Nxc3 13. bxc3 0-0-0 14. Rb1 Be7 15. Ba4 e4 16. Bxc6 bxc6 17. Nd4 c5 18. Nc6 Kd7 19. Ne5+ 1-0